[Event "Festival de Calviá 2016 - Aficionados"]
[Site "Calvia ESP"]
[Date "2016.10.10"]
[Round "3.36"]
[White "Torres Mari, Juan"]
[Black "Alemany Jara, Alejandro"]
[Result "0-1"]
[WhiteElo "1693"]
[BlackElo "1989"]
[PlyCount "68"]
[EventDate "2016.10.08"]
[EventType "swiss"]
[EventRounds "9"]
[EventCountry "ESP"]
[SourceTitle "Ajedrez en Madrid"]
[Source "lmi"]
[SourceDate "2016.10.08"]

1. d4 f5 2. e4 d6 3. Bd3 fxe4 4. Bxe4 Nf6 5. Bd3 Nc6 6. c3 e5 7. d5 Ne7 8. c4
c6 9. Bg5 Bg4 10. f3 Bh5 11. dxc6 Nxc6 12. Nc3 Be7 13. Nge2 O-O 14. Qd2 Bf7 15.
b3 a6 16. O-O Be6 17. Rad1 Qc7 18. Bb1 Rad8 19. Bxf6 Bxf6 20. Nd5 Qf7 21. Qc2
g6 22. Nec3 Bg7 23. f4 Nd4 24. Qd3 Bf5 25. Ne4 Qe8 26. Rde1 b5 27. Qg3 bxc4 28.
bxc4 Qd7 29. Qg5 Kh8 30. Kh1 Rb8 31. Rf2 Rxb1 32. Rxb1 Bxe4 33. Re1 Bxd5 34.
cxd5 Qb7 0-1

[Event "Festival de Calviá 2016 - Aficionados"]
[Site "Calvia ESP"]
[Date "2016.10.10"]
[Round "3.37"]
[White "Ruiz Vinals, Matias"]
[Black "Gaya Torrens, Miguel"]
[Result "0-1"]
[WhiteElo "1983"]
[BlackElo "1689"]
[PlyCount "74"]
[EventDate "2016.10.08"]
[EventType "swiss"]
[EventRounds "9"]
[EventCountry "ESP"]
[SourceTitle "Ajedrez en Madrid"]
[Source "lmi"]
[SourceDate "2016.10.08"]

1. d4 Nf6 2. c4 e6 3. Nc3 Bb4 4. e3 O-O 5. Bd3 b6 6. Nf3 Bb7 7. O-O d5 8. Qe2
Nbd7 9. a3 Be7 10. Re1 Re8 11. b3 Rc8 12. Bb2 Bf8 13. Rad1 g6 14. Bb1 Bg7 15.
e4 dxe4 16. Ng5 Qe7 17. Ngxe4 Nxe4 18. Nxe4 Nf6 19. Ng5 Nh5 20. Bc1 Rcd8 21. d5
Bc3 22. Nxh7 Bxe1 23. Rxe1 Kxh7 24. Qxh5+ Kg8 25. Qe5 f6 26. Qg3 g5 27. h4 Qg7
28. hxg5 exd5 29. Rxe8+ Rxe8 30. f3 dxc4 31. bxc4 Rd8 32. Bc2 Rd7 33. Bb2 Qxg5
34. Qh3 Qe3+ 35. Kh1 Qd2 36. Qe6+ Rf7 37. Bg6 Qh6+ 0-1

[Event "Festival de Calviá 2016 - Aficionados"]
[Site "Calvia ESP"]
[Date "2016.10.10"]
[Round "3.39"]
[White "Mut Company, Guillem"]
[Black "Mackay, Ian W"]
[Result "1-0"]
[WhiteElo "1980"]
[BlackElo "1667"]
[PlyCount "65"]
[EventDate "2016.10.08"]
[EventType "swiss"]
[EventRounds "9"]
[EventCountry "ESP"]
[SourceTitle "Ajedrez en Madrid"]
[Source "lmi"]
[SourceDate "2016.10.08"]

1. d4 Nf6 2. c4 e6 3. Nc3 Bb4 4. f3 d5 5. a3 Bxc3+ 6. bxc3 b6 7. cxd5 exd5 8.
e3 O-O 9. Bd3 Re8 10. Ne2 Ba6 11. O-O Bxd3 12. Qxd3 Nbd7 13. Ng3 c5 14. Ra2 Rc8
15. Re2 Qc7 16. e4 dxe4 17. fxe4 cxd4 18. cxd4 Qc3 19. Qd1 Qc6 20. Qe1 Ng4 21.
h3 Ngf6 22. e5 Nd5 23. Nf5 Re6 24. Qg3 Rg6 25. Qf3 Re8 26. a4 Nc3 27. Rc2 Qxf3
28. Rxf3 Nd5 29. Rcf2 Rc6 30. Ba3 f6 31. Nd6 Re6 32. Ne4 fxe5 33. Rf8+ 1-0

[Event "Festival de Calviá 2016 - Aficionados"]
[Site "Calvia ESP"]
[Date "2016.10.10"]
[Round "3.42"]
[White "Oliver Amengual, Adria"]
[Black "Nesse, David"]
[Result "0-1"]
[WhiteElo "1924"]
[BlackElo "1502"]
[PlyCount "50"]
[EventDate "2016.10.08"]
[EventType "swiss"]
[EventRounds "9"]
[EventCountry "ESP"]
[SourceTitle "Ajedrez en Madrid"]
[Source "lmi"]
[SourceDate "2016.10.08"]

1. d4 Nf6 2. Nf3 g6 3. g3 Bg7 4. Bg2 O-O 5. c4 c5 6. d5 b5 7. cxb5 a6 8. bxa6
d6 9. O-O Bxa6 10. Nc3 Nbd7 11. h3 Qc7 12. Rb1 Rfb8 13. b3 c4 14. b4 Bb5 15.
Nd4 Ba6 16. Nc6 Re8 17. e4 Nxd5 18. Nxd5 Qxc6 19. Bg5 f6 20. e5 Qc8 21. exf6
exf6 22. Bd2 c3 23. Nxc3 Bxf1 24. Bxa8 Qxa8 25. Qxf1 Ne5 0-1

[Event "Festival de Calviá 2016 - Aficionados"]
[Site "Calvia ESP"]
[Date "2016.10.10"]
[Round "3.46"]
[White "Slovak, Pavel"]
[Black "Vicens Company, Francesc"]
[Result "1-0"]
[WhiteElo "2062"]
[BlackElo "1584"]
[PlyCount "97"]
[EventDate "2016.10.08"]
[EventType "swiss"]
[EventRounds "9"]
[EventCountry "ESP"]
[SourceTitle "Ajedrez en Madrid"]
[Source "lmi"]
[SourceDate "2016.10.08"]

1. e4 c5 2. Nf3 Nc6 3. d4 cxd4 4. Nxd4 e5 5. Nb5 a6 6. Nd6+ Bxd6 7. Qxd6 Qe7 8.
Qd1 Nf6 9. Nc3 h6 10. Bd3 d6 11. O-O O-O 12. Na4 Be6 13. Nb6 Rad8 14. c4 Nb4
15. Bb1 Qc7 16. Nd5 Nbxd5 17. exd5 Bg4 18. f3 Bd7 19. b3 b5 20. Qe2 Rb8 21. Bd3
Rfe8 22. Qf2 bxc4 23. bxc4 Qc8 24. Ba3 Qc7 25. Qh4 Qb6+ 26. Qf2 Qxf2+ 27. Kxf2
Rb6 28. Rab1 Reb8 29. Bxd6 Rb2+ 30. Kg1 Rxb1 31. Rxb1 Rxb1+ 32. Bxb1 Ba4 33.
Bxe5 Nd7 34. Bd4 Kf8 35. Bf5 g6 36. Bd3 Ke7 37. c5 Nf6 38. d6+ Ke6 39. Bxf6
Kxf6 40. Bxa6 Bd7 41. Bb7 Ke6 42. c6 Kxd6 43. cxd7 Kxd7 44. Kf2 Kd6 45. Ke3 f6
46. Kd4 h5 47. Be4 g5 48. Bg6 h4 49. a4 1-0

[Event "Festival de Calviá 2016 - Aficionados"]
[Site "Calvia ESP"]
[Date "2016.10.10"]
[Round "3.47"]
[White "Baatz, Karl-Heinz"]
[Black "Courthaudon, Philippe"]
[Result "1-0"]
[WhiteElo "1843"]
[BlackElo "1515"]
[PlyCount "29"]
[EventDate "2016.10.08"]
[EventType "swiss"]
[EventRounds "9"]
[EventCountry "ESP"]
[SourceTitle "Ajedrez en Madrid"]
[Source "lmi"]
[SourceDate "2016.10.08"]

1. e4 g6 2. Nc3 Bg7 3. f4 d6 4. Nf3 e6 5. Be2 Ne7 6. O-O b6 7. Qe1 Nd7 8. Qg3
Bb7 9. d3 O-O 10. Qh3 a6 11. f5 exf5 12. Bh6 f6 13. Bxg7 Kxg7 14. Nd4 fxe4 15.
Ne6+ 1-0

[Event "Festival de Calviá 2016 - Aficionados"]
[Site "Calvia ESP"]
[Date "2016.10.10"]
[Round "3.48"]
[White "Aditya, S Hariharan"]
[Black "Amengual Perello, Jordi"]
[Result "1-0"]
[WhiteElo "1641"]
[BlackElo "1393"]
[PlyCount "65"]
[EventDate "2016.10.08"]
[EventType "swiss"]
[EventRounds "9"]
[EventCountry "ESP"]
[SourceTitle "Ajedrez en Madrid"]
[Source "lmi"]
[SourceDate "2016.10.08"]

1. d4 d5 2. c4 e6 3. Nc3 Nf6 4. Bg5 Be7 5. Nf3 Nbd7 6. e3 b6 7. cxd5 exd5 8.
Bd3 O-O 9. O-O Bb7 10. Qc2 h6 11. Bh4 Rc8 12. Bf5 Ne4 13. Bxe7 Qxe7 14. Nxe4
dxe4 15. Ne5 Nxe5 16. Bxc8 Nf3+ 17. gxf3 Rxc8 18. f4 Rd8 19. Kh1 Rd5 20. Rg1
Rh5 21. Rg2 Bc8 22. Rag1 g6 23. Qc6 Bf5 24. Rc1 Bh3 25. Rg3 Qh4 26. Qe8+ Kg7
27. Rxc7 Bd7 28. Rxg6+ Kxg6 29. Qg8+ Kf6 30. Qd8+ Kg6 31. Qxh4 Rxh4 32. Rxd7 a6
33. Rd6+ 1-0

[Event "Festival de Calviá 2016 - Aficionados"]
[Site "Calvia ESP"]
[Date "2016.10.10"]
[Round "3.50"]
[White "Ramis Sebastia, Jordi Salvador"]
[Black "Schoning, Lars"]
[Result "0-1"]
[WhiteElo "1582"]
[BlackElo "1908"]
[PlyCount "76"]
[EventDate "2016.10.08"]
[EventType "swiss"]
[EventRounds "9"]
[EventCountry "ESP"]
[SourceTitle "Ajedrez en Madrid"]
[Source "lmi"]
[SourceDate "2016.10.08"]

1. d4 Nf6 2. c4 c5 3. d5 e5 4. Nc3 d6 5. e4 Nbd7 6. Bd3 Be7 7. Nge2 h5 8. Bg5
h4 9. h3 Nh5 10. Bxe7 Qxe7 11. Qd2 a6 12. O-O-O Nf8 13. g4 hxg3 14. fxg3 Ng6
15. Rde1 Bd7 16. a3 Qd8 17. Qe3 Qc8 18. g4 Nhf4 19. Nxf4 Nxf4 20. Ref1 b5 21.
cxb5 c4 22. Bb1 axb5 23. Ne2 Nxe2+ 24. Qxe2 c3 25. Kd1 cxb2 26. Qxb2 Qc5 27.
Rf3 Bxg4 28. Ke2 Bxf3+ 29. Kxf3 Rxa3+ 30. Kg2 O-O 31. Qe2 Qc3 32. Qf2 b4 33. h4
Rb3 34. Bc2 Rb2 35. Rc1 b3 36. h5 Rxc2 37. Rxc2 Qxc2 38. h6 Qxf2+ 0-1

[Event "Festival de Calviá 2016 - Aficionados"]
[Site "Calvia ESP"]
[Date "2016.10.10"]
[Round "3.51"]
[White "Breed, Greg J"]
[Black "Koch-Muller, Victor"]
[Result "1-0"]
[WhiteElo "1801"]
[BlackElo "1547"]
[PlyCount "43"]
[EventDate "2016.10.08"]
[EventType "swiss"]
[EventRounds "9"]
[EventCountry "ESP"]
[SourceTitle "Ajedrez en Madrid"]
[Source "lmi"]
[SourceDate "2016.10.08"]

1. d4 Nf6 2. Nf3 d6 3. c4 Nbd7 4. Nc3 c5 5. d5 g6 6. e4 Bg7 7. Be2 a6 8. O-O
O-O 9. h3 Re8 10. Bg5 e6 11. Qd2 exd5 12. exd5 Ne5 13. Rfe1 Nxf3+ 14. Bxf3 Bf5
15. Rxe8+ Qxe8 16. Re1 Qd8 17. g4 Bd7 18. Qf4 Bc8 19. Ne4 Qa5 20. Nxf6+ Bxf6
21. Re8+ Kg7 22. Qxf6# 1-0

[Event "Festival de Calviá 2016 - Aficionados"]
[Site "Calvia ESP"]
[Date "2016.10.10"]
[Round "3.53"]
[White "Hardwick, A William"]
[Black "Labarthe, Francois"]
[Result "1-0"]
[WhiteElo "1546"]
[BlackElo "1645"]
[PlyCount "45"]
[EventDate "2016.10.08"]
[EventType "swiss"]
[EventRounds "9"]
[EventCountry "ESP"]
[SourceTitle "Ajedrez en Madrid"]
[Source "lmi"]
[SourceDate "2016.10.08"]

1. d4 Nf6 2. Nf3 g6 3. Bf4 Bg7 4. e3 d6 5. Nc3 O-O 6. Be2 Nfd7 7. O-O e5 8.
dxe5 dxe5 9. Bg3 f5 10. Bc4+ Kh8 11. h3 Nc6 12. Bh4 Qe8 13. Nd5 Qe6 14. Qe2 Nb6
15. Nxb6 Qd6 16. Nxa8 Bf6 17. Rad1 Qe7 18. Bxf6+ Rxf6 19. Bb3 b6 20. Ng5 h6 21.
Qc4 Qg7 22. Nxc7 hxg5 23. Ne8 1-0

[Event "Festival de Calviá 2016 - Aficionados"]
[Site "Calvia ESP"]
[Date "2016.10.10"]
[Round "3.54"]
[White "Nettleton, Robin"]
[Black "Koch-Muller, Oscar"]
[Result "0-1"]
[WhiteElo "1288"]
[BlackElo "1638"]
[PlyCount "98"]
[EventDate "2016.10.08"]
[EventType "swiss"]
[EventRounds "9"]
[EventCountry "ESP"]
[SourceTitle "Ajedrez en Madrid"]
[Source "lmi"]
[SourceDate "2016.10.08"]

1. d4 d5 2. Nf3 Nf6 3. Bg5 e6 4. e3 Nc6 5. Nbd2 Bd6 6. c4 Bd7 7. c5 Be7 8. a3
a5 9. Bb5 O-O 10. O-O Na7 11. Bxd7 Qxd7 12. Ne5 Qe8 13. f4 Nc6 14. Qa4 Nxe5 15.
Qxe8 Rfxe8 16. fxe5 Nd7 17. Bxe7 Rxe7 18. e4 c6 19. exd5 exd5 20. Rf2 f6 21.
exf6 Nxf6 22. Nb3 a4 23. Nc1 Re1+ 24. Rf1 Rae8 25. Nd3 Rxa1 26. Rxa1 Re4 27.
Re1 Rxd4 28. Nb4 Ne4 29. Rc1 Rd2 30. Rb1 Nxc5 31. Na2 Nd3 32. Nc3 Rxb2 33. Rxb2
Nxb2 34. Kf2 d4 35. Ne4 Nc4 36. Nc5 Nxa3 37. Nxa4 Nc4 38. Ke2 Ne5 39. Nc5 b6
40. Na4 b5 41. Nc5 Kf7 42. Nb3 d3+ 43. Kd2 Ke6 44. Nd4+ Kd5 45. Nf5 g6 46. Ne3+
Kd4 47. Nd1 Nc4+ 48. Kc1 d2+ 49. Kc2 Ne3+ 0-1

[Event "Festival de Calviá 2016 - Aficionados"]
[Site "Calvia ESP"]
[Date "2016.10.11"]
[Round "4.1"]
[White "Kolotilina, Liudmila"]
[Black "Ustianovich, Nazar"]
[Result "0-1"]
[WhiteElo "2143"]
[BlackElo "2316"]
[PlyCount "160"]
[EventDate "2016.10.08"]
[EventType "swiss"]
[EventRounds "9"]
[EventCountry "ESP"]
[SourceTitle "Ajedrez en Madrid"]
[Source "lmi"]
[SourceDate "2016.10.08"]

1. e4 c6 2. d4 d5 3. e5 Bf5 4. Nf3 e6 5. Be2 c5 6. c3 Nc6 7. O-O cxd4 8. Nxd4
Bg6 9. Nxc6 bxc6 10. c4 d4 11. Bf3 Rc8 12. Qa4 Qd7 13. Nd2 c5 14. Qa6 Ne7 15.
Re1 Nc6 16. a3 Be7 17. Bxc6 Qxc6 18. Qxc6+ Rxc6 19. Ne4 O-O 20. Bd2 Rb8 21. b4
cxb4 22. axb4 Rxc4 23. Nd6 Rc7 24. Rec1 Rxc1+ 25. Rxc1 Bd8 26. Nc8 a6 27. Na7
Ra8 28. Nc6 Bb6 29. Ne7+ Kf8 30. Rc6 Rb8 31. Nxg6+ hxg6 32. Rd6 Bc7 33. Rxd4
Bxe5 34. Rc4 Bd6 35. g3 Ke7 36. Bf4 Bxf4 37. Rxf4 Rc8 38. Rd4 Rc6 39. Kg2 e5
40. Rd5 Ke6 41. Ra5 Rb6 42. Kf3 f6 43. Ke3 Kf5 44. Ra4 Rc6 45. h3 g5 46. Kd3
Ke6 47. Ra5 Rd6+ 48. Ke3 Rb6 49. Kd3 Kd6 50. Kc4 Rc6+ 51. Kd3 Rb6 52. Kc4 Kc7
53. Kc3 Rc6+ 54. Kd3 Rd6+ 55. Ke3 Kb6 56. Rc5 Rd8 57. Rc4 Rh8 58. h4 gxh4 59.
gxh4 Kb5 60. Rg4 f5 61. Rg5 g6 62. Rxg6 Rxh4 63. Rf6 Rf4 64. Re6 Re4+ 65. Kd3
Rd4+ 66. Kc3 Rc4+ 67. Kd3 e4+ 68. Kd2 f4 69. Rf6 f3 70. Ke3 Rxb4 71. Rf5+ Ka4
72. Rc5 a5 73. Re5 Rc4 74. Re8 Ka3 75. Rb8 a4 76. Kd2 Ka2 77. Rb5 a3 78. Rb6
Rd4+ 79. Kc2 Rc4+ 80. Kd2 Ra4 0-1

[Event "Festival de Calviá 2016 - Aficionados"]
[Site "Calvia ESP"]
[Date "2016.10.11"]
[Round "4.2"]
[White "Viskelis, Darius"]
[Black "Schenk Papke, Andres"]
[Result "0-1"]
[WhiteElo "2305"]
[BlackElo "2095"]
[PlyCount "58"]
[EventDate "2016.10.08"]
[EventType "swiss"]
[EventRounds "9"]
[EventCountry "ESP"]
[SourceTitle "Ajedrez en Madrid"]
[Source "lmi"]
[SourceDate "2016.10.08"]

1. e4 c5 2. Nf3 Nc6 3. Bb5 g6 4. O-O Bg7 5. Re1 Nf6 6. c3 O-O 7. h3 e5 8. Bxc6
dxc6 9. Nxe5 Re8 10. f4 Nh5 11. d4 Qh4 12. Nf3 Qg3 13. f5 gxf5 14. e5 f4 15.
Kf1 cxd4 16. cxd4 Qg6 17. Nc3 Ng3+ 18. Kf2 Bh6 19. Nd2 Nf5 20. Nde4 Rd8 21.
Nf6+ Kh8 22. Re4 Nh4 23. g4 fxg3+ 24. Kg1 Qf5 25. Qe2 Nf3+ 26. Kg2 Qxh3+ 27.
Kxf3 g2+ 28. Kf2 Qh2 29. Kf3 g1=N# 0-1

[Event "Festival de Calviá 2016 - Aficionados"]
[Site "Calvia ESP"]
[Date "2016.10.11"]
[Round "4.3"]
[White "Jekabsons, Ivars"]
[Black "Hristodorescu, Daniel"]
[Result "1-0"]
[WhiteElo "2126"]
[BlackElo "2229"]
[PlyCount "73"]
[EventDate "2016.10.08"]
[EventType "swiss"]
[EventRounds "9"]
[EventCountry "ESP"]
[SourceTitle "Ajedrez en Madrid"]
[Source "lmi"]
[SourceDate "2016.10.08"]

1. e4 e5 2. Nf3 Nc6 3. Bb5 a6 4. Ba4 Nf6 5. d4 exd4 6. O-O Be7 7. Re1 b5 8. Bb3
d6 9. Bd5 Nxd5 10. exd5 Ne5 11. Nxd4 Bd7 12. f4 Ng6 13. Qd3 O-O 14. a4 b4 15.
a5 Re8 16. c3 Qb8 17. Nc6 Bxc6 18. dxc6 Bf6 19. Re4 Rxe4 20. Qxe4 Qb5 21. cxb4
d5 22. Qe1 Qxc6 23. Nc3 Re8 24. Qf1 d4 25. b5 Qd7 26. Qd3 Qg4 27. Ne4 Bh4 28.
g3 h5 29. bxa6 Qe6 30. a7 f5 31. Nf2 Qd5 32. Bd2 Bf6 33. Rc1 c5 34. Qc4 Qxc4
35. Rxc4 Be7 36. Nd3 Ra8 37. Nxc5 1-0

[Event "Festival de Calviá 2016 - Aficionados"]
[Site "Calvia ESP"]
[Date "2016.10.11"]
[Round "4.4"]
[White "Galiana Salom, Juan Ramon"]
[Black "Bryant, Richard B E"]
[Result "0-1"]
[WhiteElo "2262"]
[BlackElo "1998"]
[PlyCount "99"]
[EventDate "2016.10.08"]
[EventType "swiss"]
[EventRounds "9"]
[EventCountry "ESP"]
[SourceTitle "Ajedrez en Madrid"]
[Source "lmi"]
[SourceDate "2016.10.08"]

1. e4 e6 2. d4 d5 3. Nd2 Nf6 4. e5 Nfd7 5. Bd3 c5 6. c3 Nc6 7. Ngf3 g5 8. dxc5
Nxc5 9. Bb5 Qc7 10. O-O Be7 11. Re1 a6 12. Bxc6+ bxc6 13. Nb3 Ne4 14. Nbd2 Nc5
15. b4 Nd7 16. Nb3 g4 17. Nfd4 h5 18. Bf4 Nb6 19. Qc1 Rg8 20. Na5 c5 21. Ndc6
Bf8 22. Bh6 Bd7 23. Bxf8 Rxf8 24. bxc5 Na4 25. Nd4 Qxa5 26. c6 Bc8 27. Qa3 f5
28. Rab1 Qxc3 29. Qxa4 f4 30. Rec1 Qd2 31. Rd1 Qc3 32. Rb3 Qc5 33. Nb5 Kf7 34.
Nd6+ Kg6 35. Rb4 g3 36. hxg3 fxg3 37. Rf4 gxf2+ 38. Kh2 Rxf4 39. Qxf4 Qxc6 40.
Qf7+ Kh6 41. Rf1 Qd7 42. Qf6+ Kh7 43. Rxf2 Qg7 44. Qf4 Bd7 45. Rf3 Rg8 46. Rf2
Bc6 47. Qe3 d4 48. Qxd4 Qg3+ 49. Kg1 Bxg2 50. Rf7+ 0-1

[Event "Festival de Calviá 2016 - Aficionados"]
[Site "Calvia ESP"]
[Date "2016.10.11"]
[Round "4.5"]
[White "Lacrosse, Marc"]
[Black "Melderis, Uldis"]
[Result "1/2-1/2"]
[WhiteElo "2247"]
[BlackElo "1969"]
[PlyCount "137"]
[EventDate "2016.10.08"]
[EventType "swiss"]
[EventRounds "9"]
[EventCountry "ESP"]
[SourceTitle "Ajedrez en Madrid"]
[Source "lmi"]
[SourceDate "2016.10.08"]

1. d4 d5 2. c4 e6 3. Nf3 Nf6 4. Nc3 Be7 5. Bg5 O-O 6. e3 b6 7. Rc1 c6 8. cxd5
Nxd5 9. Bxe7 Qxe7 10. Bd3 Nd7 11. Nxd5 cxd5 12. O-O e5 13. dxe5 Nxe5 14. Be2
Nxf3+ 15. Bxf3 Be6 16. Qd4 Rfd8 17. Rc3 Rac8 18. Rxc8 Rxc8 19. Bxd5 Bxd5 20.
Qxd5 Rd8 21. Qb3 h6 22. Rd1 Rc8 23. h3 Qf6 24. Rd2 Qf5 25. Kh2 Qa5 26. Rd7 Qf5
27. Rd2 Qe5+ 28. f4 Qe7 29. Rd4 Qc7 30. Qd3 Rf8 31. Rd7 Qc1 32. Qd2 Qxd2 33.
Rxd2 Rc8 34. Kg3 Kf8 35. e4 Ke7 36. Kf3 Rc1 37. e5 Re1 38. Re2 Rf1+ 39. Ke4 Rc1
40. g4 Rc4+ 41. Kf3 Rc1 42. h4 Ra1 43. a3 Rf1+ 44. Rf2 Rc1 45. h5 b5 46. Ke4 b4
47. axb4 Rc4+ 48. Kf5 Rxb4 49. g5 Rb6 50. gxh6 Rxh6 51. Kg5 Rc6 52. f5 Rc5 53.
Re2 Rb5 54. h6 gxh6+ 55. Kxh6 Rb3 56. Kg5 Rg3+ 57. Kf4 Rb3 58. Rc2 a5 59. Rc7+
Ke8 60. Ra7 Rxb2 61. Rxa5 Rg2 62. Ra8+ Kd7 63. Ra7+ Ke8 64. Ra3 Rg1 65. Rg3 Re1
66. Rg8+ Kd7 67. Ra8 Rg1 68. Ra7+ Ke8 69. Ra8+ 1/2-1/2

[Event "Festival de Calviá 2016 - Aficionados"]
[Site "Calvia ESP"]
[Date "2016.10.11"]
[Round "4.6"]
[White "Greiff, Hakan"]
[Black "Oriot, Patrice"]
[Result "1/2-1/2"]
[WhiteElo "2212"]
[BlackElo "1980"]
[PlyCount "50"]
[EventDate "2016.10.08"]
[EventType "swiss"]
[EventRounds "9"]
[EventCountry "ESP"]
[SourceTitle "Ajedrez en Madrid"]
[Source "lmi"]
[SourceDate "2016.10.08"]

1. e4 c6 2. d4 d5 3. exd5 cxd5 4. Bd3 Nc6 5. c3 Qc7 6. Ne2 Bg4 7. f3 Bd7 8. f4
Bg4 9. h3 Bxe2 10. Qxe2 Nxd4 11. Qf2 Nc6 12. Na3 a6 13. Be3 e6 14. O-O Nf6 15.
Bb6 Qc8 16. Nc2 Be7 17. Rae1 Nd7 18. Be3 h5 19. Nd4 Bf6 20. Nf3 Qc7 21. Ng5
Bxg5 22. fxg5 Nce5 23. Bb1 O-O-O 24. Bd4 f6 25. Qe3 Rdf8 1/2-1/2

[Event "Festival de Calviá 2016 - Aficionados"]
[Site "Calvia ESP"]
[Date "2016.10.11"]
[Round "4.7"]
[White "Grichkevitch, Gilles"]
[Black "Voiteanu, Gabriel"]
[Result "0-1"]
[WhiteElo "2016"]
[BlackElo "2207"]
[PlyCount "32"]
[EventDate "2016.10.08"]
[EventType "swiss"]
[EventRounds "9"]
[EventCountry "ESP"]
[SourceTitle "Ajedrez en Madrid"]
[Source "lmi"]
[SourceDate "2016.10.08"]

1. e4 c5 2. Nf3 e6 3. d4 cxd4 4. Nxd4 a6 5. Nc3 Qc7 6. Bd3 Nf6 7. Qf3 Be7 8.
Be3 d6 9. h3 Nbd7 10. Rc1 b6 11. O-O Bb7 12. Qe2 O-O 13. f4 Nc5 14. Bf2 g6 15.
f5 e5 16. Nb3 gxf5 0-1

[Event "Festival de Calviá 2016 - Aficionados"]
[Site "Calvia ESP"]
[Date "2016.10.11"]
[Round "4.8"]
[White "Spence, David J"]
[Black "Abdelkader Garstka, Adam"]
[Result "1-0"]
[WhiteElo "2192"]
[BlackElo "1527"]
[PlyCount "61"]
[EventDate "2016.10.08"]
[EventType "swiss"]
[EventRounds "9"]
[EventCountry "ESP"]
[SourceTitle "Ajedrez en Madrid"]
[Source "lmi"]
[SourceDate "2016.10.08"]

1. e4 c5 2. c3 e6 3. d4 cxd4 4. cxd4 d5 5. e5 Nc6 6. Nf3 Qb6 7. Be2 Nge7 8. b3
Nf5 9. Bb2 Bb4+ 10. Kf1 Bd7 11. g4 Nh6 12. Rg1 f6 13. exf6 gxf6 14. Nc3 Rg8 15.
h3 Bxc3 16. Bxc3 Ke7 17. Bd3 Rg7 18. Qd2 Nf7 19. Re1 Rf8 20. Rg3 Qc7 21. Nh4
Kd8 22. b4 b6 23. Rc1 Qb7 24. b5 Nb8 25. Bb4 Rfg8 26. Qf4 f5 27. gxf5 exf5 28.
Rxg7 Rxg7 29. Nxf5 Rg6 30. Qh4+ Ng5 31. Be7+ 1-0

[Event "Festival de Calviá 2016 - Aficionados"]
[Site "Calvia ESP"]
[Date "2016.10.11"]
[Round "4.9"]
[White "Nettleton, Charlie B"]
[Black "Van Herck, Marcel"]
[Result "0-1"]
[WhiteElo "1939"]
[BlackElo "2182"]
[PlyCount "80"]
[EventDate "2016.10.08"]
[EventType "swiss"]
[EventRounds "9"]
[EventCountry "ESP"]
[SourceTitle "Ajedrez en Madrid"]
[Source "lmi"]
[SourceDate "2016.10.08"]

1. d4 Nf6 2. Bg5 d5 3. Bxf6 gxf6 4. e3 c5 5. c4 cxd4 6. exd4 Nc6 7. Nc3 dxc4 8.
Bxc4 Qxd4 9. Qb3 Qe5+ 10. Nge2 e6 11. O-O Bd6 12. f4 Qc5+ 13. Kh1 Qb4 14. Nb5
Qxb3 15. Nxd6+ Kd7 16. Bxb3 Kxd6 17. Rfd1+ Ke7 18. Rd3 e5 19. Nc3 Be6 20. Ba4
Rad8 21. Rxd8 Rxd8 22. Bxc6 bxc6 23. Rd1 Rxd1+ 24. Nxd1 Bxa2 25. Kg1 Kd6 26.
Kf2 exf4 27. Nc3 Bd5 28. Ne2 Ke5 29. Nc1 a5 30. Nd3+ Ke4 31. Nc5+ Kd4 32. Nd7
Kc4 33. Nxf6 Kb3 34. Nxh7 Kxb2 35. Nf6 a4 36. h4 a3 37. h5 a2 38. h6 a1=Q 39.
h7 Qa7+ 40. Ke2 Qe3+ 0-1

[Event "Festival de Calviá 2016 - Aficionados"]
[Site "Calvia ESP"]
[Date "2016.10.11"]
[Round "4.10"]
[White "Kehloul Gutierrez, Sadek"]
[Black "Martinez Lopez, Jaime"]
[Result "1/2-1/2"]
[WhiteElo "1918"]
[BlackElo "2063"]
[PlyCount "155"]
[EventDate "2016.10.08"]
[EventType "swiss"]
[EventRounds "9"]
[EventCountry "ESP"]
[SourceTitle "Ajedrez en Madrid"]
[Source "lmi"]
[SourceDate "2016.10.08"]

1. d4 d6 2. Bf4 c6 3. c3 Nf6 4. h3 Nbd7 5. Nf3 g6 6. e3 Bg7 7. Bh2 O-O 8. Be2
b6 9. O-O Bb7 10. Nbd2 Re8 11. Bc4 d5 12. Be2 c5 13. a4 a6 14. Ne5 Nxe5 15.
Bxe5 Nd7 16. Bxg7 Kxg7 17. f4 Qc7 18. Qe1 Bc6 19. Qh4 Qd6 20. Nf3 Qf6 21. Qg3
Qd6 22. Ne5 f6 23. Nf3 b5 24. Nh4 Kf7 25. Qf2 Rec8 26. Nf3 Kg7 27. Qh4 bxa4 28.
g4 Bb5 29. Rae1 h6 30. g5 hxg5 31. fxg5 Rh8 32. gxf6+ Nxf6 33. Qg5 Rh5 34. Qg2
Ne4 35. Ne5 Rg5 36. Rf7+ Kg8 37. Bg4 Nf6 38. Qf3 Rxe5 39. dxe5 Qxe5 40. Rxf6
exf6 41. h4 Kg7 42. Rd1 Bc4 43. Kg2 Re8 44. Re1 Qe4 45. Kg3 f5 46. Qxe4 Rxe4
47. Bf3 f4+ 48. Kf2 fxe3+ 49. Rxe3 Rxe3 50. Kxe3 Kf6 51. Kf4 d4 52. cxd4 cxd4
53. Ke4 d3 54. Kd4 Bb5 55. Ke3 Ke5 56. h5 gxh5 57. Bxh5 Kd5 58. Bg6 Kc4 59.
Bf7+ Kb4 60. Kd2 Bc4 61. Bh5 Kb3 62. Kc1 d2+ 63. Kb1 Bd3+ 64. Ka1 Kb4 65. Bd1
Bb5 66. Kb1 Bc4 67. Ka1 Bb3 68. Be2 Bc2 69. Ka2 Kc5 70. Ka1 Kd4 71. Bh5 Ke3 72.
Bg4 d1=Q+ 73. Bxd1 Bxd1 74. Ka2 Kd2 75. Kb1 Bc2+ 76. Ka1 Bb3 77. Kb1 a5 78. Ka1
1/2-1/2

[Event "Festival de Calviá 2016 - Aficionados"]
[Site "Calvia ESP"]
[Date "2016.10.11"]
[Round "4.13"]
[White "Gavrish, Leonid"]
[Black "Cemborain Oricain, Alfonso"]
[Result "1-0"]
[WhiteElo "2158"]
[BlackElo "1945"]
[PlyCount "55"]
[EventDate "2016.10.08"]
[EventType "swiss"]
[EventRounds "9"]
[EventCountry "ESP"]
[SourceTitle "Ajedrez en Madrid"]
[Source "lmi"]
[SourceDate "2016.10.08"]

1. d4 d5 2. c4 c6 3. cxd5 cxd5 4. Nc3 Nf6 5. Bf4 Qb6 6. Rc1 Bd7 7. e3 Qxb2 8.
Bd3 e6 9. Nge2 Bc6 10. O-O a6 11. Na4 Qb4 12. Nec3 Nbd7 13. Bc7 Qe7 14. Nb6
Nxb6 15. Bxb6 Qd7 16. f3 Be7 17. e4 dxe4 18. fxe4 O-O 19. e5 Nd5 20. Nxd5 Qxd5
21. Rf3 g6 22. Qd2 Rfc8 23. Rcf1 Be8 24. Qf2 Rc6 25. Rxf7 Bxf7 26. Qxf7+ Kh8
27. Qxe7 Rxb6 28. Rf8+ 1-0

[Event "Festival de Calviá 2016 - Aficionados"]
[Site "Calvia ESP"]
[Date "2016.10.11"]
[Round "4.14"]
[White "Mitenieks, Matiss"]
[Black "Cip, Dalibor"]
[Result "0-1"]
[WhiteElo "1934"]
[BlackElo "2141"]
[PlyCount "37"]
[EventDate "2016.10.08"]
[EventType "swiss"]
[EventRounds "9"]
[EventCountry "ESP"]
[SourceTitle "Ajedrez en Madrid"]
[Source "lmi"]
[SourceDate "2016.10.08"]

1. d4 Nf6 2. e3 g6 3. Bd3 Bg7 4. f4 O-O 5. Nf3 d6 6. O-O c5 7. c3 Nc6 8. Qc2 e5
9. fxe5 dxe5 10. dxe5 Ng4 11. e4 Ngxe5 12. Be2 Nxf3+ 13. Bxf3 Be6 14. Be3 Qe7
15. Qf2 b6 16. Nd2 Ne5 17. Be2 Rad8 18. Nf3 Nc4 19. Bg5 0-1